Tipološke relacije slovačkog i srpskog nadrealizma

Bibliographic Details
Main Author: Harpáň, Michal, 1944- (Author)
Format: Book
Language:Serbian
PhysicalDescription:S. 9-66 23 cm
Published: [S. l.] Matica srpska 1974
Edition:[1. vyd.]
Subjects:

MARC

LEADER 00000nam a2200000 a 4500
001 vtls001471842
003 SK-MaSNL
005 20260302073510.0
008 240315s1974 YU 0 scc
015 |a SNBZSA2003-00359 
035 |a SNK000427145 
040 |a SNK  |b slo  |c SNK  |e AACR2 
041 0 |a scc 
044 |a YU 
072 7 |a 82.0  |x Literatúra (teória)  |2 konspekt 
080 |a 82(091):821.162.4-1=163.41  |2 2. slo 
080 |a 821.162.4(091)  |2 2. slo 
080 |a 82(091):821.163.41-1  |2 2. slo 
080 |a 821.163.41(091)  |2 2. slo 
100 1 |a Harpáň, Michal,  |d 1944-  |4 aut  |9 221070 
245 1 |a Tipološke relacije slovačkog i srpskog nadrealizma  |c Michailo Charpan´ 
250 |a [1. vyd.] 
260 |a [S. l.]  |b Matica srpska  |c 1974 
300 |a S. 9-66  |c 23 cm 
500 |a Sep. odt. z: Zbornik za slavistiku. Sv. 6/1974 
504 |a Bibliogr. odkazy. Res. angl. a slov. 
650 0 7 |a nadrealizmus  |x literatúra slovenská  |x literatúra srbská  |x štúdie  |2 SNK  |9 737982 
650 0 7 |a poézia slovenská  |x nadrealizmus  |x štúdie literárnohistorické  |2 SNK  |9 737983 
650 0 7 |a srbská poézia  |2 SNK  |9 66705 
655 7 |a separáty  |2 SNK  |9 70334 
655 7 |a štúdie  |2 SNK  |9 57033 
958 |a ZS 
958 |a LX 
958 |a YU 
958 |a NB 
958 |a OND 
999 |c 1161070  |d 1163000 
952 |t P60, <03>, [BOOK], {603}  |a SNK  |b SNK  |y PREZ  |7 0  |p 17A0424232  |o snkOSC 22626  |i snkK 1219/2003  |g 1.00  |0 0  |1 0  |4 0  |d 2004-03-25  |l 0  |r 2005-01-02 00:00:00  |w 2026-02-24